Statystyki dla Największe overalle w Klubach NBA w grze NBA2k22

Kliknij tutaj aby rozwiązać quiz!

Ogólne statystyki

  • Ten quiz został rozwiązany 718 razy
  • Średni wynik to 20 z 30

Statystyki odpowiedzi

ZespółOverallZawodnik% Poprawnych
LA Lakers96LeBron James
97%
Golden State Warriors96Stephen Curry
91%
Brooklyn Nets96Kevin Durant
90%
Dallas Mavericks94Luka Doncić
89%
Denver Nuggets95Nikola Jokić
89%
Memphis Grizziles85Ja Morant
88%
Boston Celtics90Jayson Tatum
86%
Philadelphia 76ers95Joel Embiid
86%
Atlanta Hawks89Trae Young
84%
LA Clippers95Kawhi Leonard
81%
Miami Heat91Jimmy Butler
80%
Chicago Bulls87Zach LaVine
79%
Charlotte Hornets82LaMelo Ball
78%
Portland Trail Blazers94Damian Lillard
77%
Milwuakee Bucks96Giannis Antetokounmpo
77%
New Orleans Pelicans89Zion Williamson
75%
Phoenix Suns90Chris Paul
71%
Utah Jazz84Donovan Mitchell
67%
Minnesota Timberwolves87Karl-Anthony Towns
65%
Sacrametno Kings82De'Aroon Fox
60%
Washington Wizards89Bradley Beal
54%
Oklahoma City Thunder86Shai Gilgeous-Alexander
53%
Toronto Raptors83Pascal Siakam
52%
New York Knicks84Julius Randle
48%
Indiana Pacers86Domanatas Sabonis
42%
Cleveland Cavaliers82Jarrett Allen
35%
San Antonio Spurs82Dejounte Murray
29%
Houston Rockets82John Wall
29%
Detroit Pistons82Jerami Grant
19%
Orlando Magic80Jonathan Isaac
9%

Rozkład punktacji

Percentyl według liczby udzielonych odpowiedzi

Procent ludzi z każdym wynikiem

Twoja historia wyników

Nie rozwiązałeś tego quizu